La inclusión de un representante del claustro de los alumnos como jurado en los concursos docentes universitarios (Registro nro. 24026)

Detalles MARC
000 -LEADER
fixed length control field 00389 a2200109 4500
001 - CONTROL NUMBER
control field ART_31293
005 - DATE AND TIME OF LATEST TRANSACTION
control field 20260410161840.0
008 - FIXED-LENGTH DATA ELEMENTS--GENERAL INFORMATION
fixed length control field 260409a
100 1# - MAIN ENTRY--PERSONAL NAME
Personal name Savignano, Luciano C.
245 10 - TITLE STATEMENT
Title La inclusión de un representante del claustro de los alumnos como jurado en los concursos docentes universitarios
773 0# - HOST ITEM ENTRY
Title RAP
Related parts - Año 36, Nº 425 (feb. 2014)
Record control number REV5941

No hay ítems disponibles.